书目信息 |
| 题名: |
贸易战离中国有多远
|
|
| 作者: | 王厚双 | |
| 分册: | ||
| 出版信息: | 北京 经济日报出版社 2002 |
|
| 页数: | 349页 | |
| 开本: | 20cm | |
| 丛书名: | ||
| 单 册: | ||
| 中图分类: | F742 | |
| 科图分类: | ||
| 主题词: | 商业经济 | |
| 电子资源: | ||
| ISBN: | 7-80127-949-2 | |
| 000 | 00522nam0 2200181 450 | |
| 001 | 0736196517 | |
| 005 | 20070924100316.51 | |
| 010 | @a7-80127-949-2@d¥22.00 | |
| 100 | @a20070924d km y0chiy0120 ea | |
| 101 | 0 | @achi |
| 200 | 1 | @a贸易战离中国有多远@Amao yi zhan li zhong guo you duo yuan@f王厚双@Fwang hou shuang |
| 210 | @a北京@c经济日报出版社@d2002 | |
| 215 | @a349页@d20cm | |
| 606 | 0 | @a商业经济 |
| 690 | @aF742@v3 | |
| 701 | 0 | @a王厚双@Awang hou shuang |
| 801 | 0 | @aCN@bPFT@c20070924 |
| 905 | @a213230@dF742@eZY46@f1 | |
| 贸易战离中国有多远/王厚双.-北京:经济日报出版社,2002 |
| 349页;20cm |
| ISBN 7-80127-949-2:¥22.00 |
| ● |
| 相关链接 |
|
|
|
|
正题名:贸易战离中国有多远
索取号:F742/ZY46
 
预约/预借
| 序号 | 登录号 | 条形码 | 馆藏地/架位号 | 状态 | 备注 |
| 1 | 7900458 | 279004587 | 密集书库-资源管理系/ [索取号:F742/ZY46] | 在馆 |